Perspectives Review of International Affairs

Enregistré dans:
Détails bibliographiques
Format: Publication en série
Langue:anglais
tchèque
Publié: Praha Institute of International Relations
Tags: Ajouter un tag
Pas de tags, Soyez le premier à ajouter un tag!

MARC

LEADER 00000nas1a2200000 4500
001 0283881
005 20240417080451.3
022 |a 1210-762X 
022 |a 1803-4551 
041 0 |a eng 
041 0 |a cze 
044 |a CZ 
245 1 0 |a Perspectives  |b Review of International Affairs 
264 1 |a Praha  |b Institute of International Relations